000 00735nam a22002297a 4500
003 UA-OsUOA
001 123498
007 ta
008 20170619b un ||||| |||| 00| 0 ukr d
100 _aВолодін С. А.
700 _aЧекамова О. І.
090 _a330(477)
_bВ68
942 _cSA
040 _aUA-OsUOA
_bukr
_cUA-OsUOA
_dUA-OsUOA
245 _aТеоретичні засади формування і реалізації інноваційного потенціалу в розвитку економіки
300 _aС.65-73
955 _a0
041 _aukr
080 _a330(477)
773 0 _w123494
_tЕкономіка АПК
_dК.
_d2017
_g5
650 7 _a330 Економіка взагалі
_2UDC
999 _c410561
_d410561